000 00613nam a2200193 i 4500
001 6265
003 ES-MaACL
005 20230906144845.0
007 t|
008 890912s1989 xxu |||| | spa d
020 _a0-669-19481-6
080 _a613.84
245 0 0 _aDespejando el aire
_b: perspectivas sobre el humo de tabaco en el ambiente /
_crecopilado por Robert D. Tollison.
260 _aLexington, Massachusetts :
_bLexington Books,
_c[1989]
300 _aX, 176 p. ;
_c23 cm.
650 4 _aTabaco-
_xConsumo.
_917272
700 1 _aTollison, Robert D.
_9110469
852 _aES-MaACL
_jL-13370
_z- Enc. cart.
999 _c6265
_d6265